Kiteworks : (Record no. 105)

MARC details
000 -LEADER
fixed length control field 00790pam a2200265 a 4500
005 - DATE AND TIME OF LATEST TRANSACTION
control field 20260322212006.0
008 - FIXED-LENGTH DATA ELEMENTS--GENERAL INFORMATION
fixed length control field data
010 ## - LIBRARY OF CONGRESS CONTROL NUMBER
LC control number 89011372
020 ## - INTERNATIONAL STANDARD BOOK NUMBER
International Standard Book Number 0806967129
020 ## - INTERNATIONAL STANDARD BOOK NUMBER
International Standard Book Number 9780806967127
040 ## - CATALOGING SOURCE
Original cataloging agency DLC
Transcribing agency DLC
Modifying agency DLC
050 00 - LIBRARY OF CONGRESS CALL NUMBER
Classification number TL759
Item number .E34 1989
082 00 - DEWEY DECIMAL CLASSIFICATION NUMBER
Classification number 629.133/32
Edition information 20
092 ## - LOCALLY ASSIGNED DEWEY CALL NUMBER (OCLC)
Classification number 629.13 E34 1989
001 - CONTROL NUMBER
control field data
100 1# - MAIN ENTRY--PERSONAL NAME
Personal name Eden, Maxwell.
245 10 - TITLE STATEMENT
Title Kiteworks :
Remainder of title explorations in kite building & flying /
Statement of responsibility, etc. Maxwell Eden.
260 ## - PUBLICATION, DISTRIBUTION, ETC.
Place of publication, distribution, etc. New York :
Name of publisher, distributor, etc. Sterling Pub. Co.,
Date of publication, distribution, etc. c1989.
300 ## - PHYSICAL DESCRIPTION
Extent 287 p., A-P p. of plates :
Other physical details ill. (some col.) ;
Dimensions 29 cm.
500 ## - GENERAL NOTE
General note Includes index.
504 ## - BIBLIOGRAPHY, ETC. NOTE
Bibliography, etc. note Bibliography: p. 281.
650 #0 - SUBJECT ADDED ENTRY--TOPICAL TERM
Topical term or geographic name entry element Kites.
906 ## - LOCAL DATA ELEMENT F, LDF (RLIN)
a 7
b cbc
c orignew
d 1
e ocip
f 19
g y-gencatlg
991 ## -
-- c-GenColl
-- TL759
-- .E34 1989
-- 00034728136
-- Copy 1
-- BOOKS
Holdings
Withdrawn status Lost status Damaged status Not for loan Home library Current library Shelving location Date acquired Total checkouts Full call number Barcode Date last seen Price effective from Koha item type
        Troy Troy General stacks 22/03/2026   629.133/32 20 BC0010109 22/03/2026 22/03/2026 Books